| 000 | 00000nam##2200000za#4500 |
| 001 | 9.680773 |
| 003 | CaOODSP |
| 005 | 20200330064823 |
| 007 | ta |
| 008 | 150407|1998||||xxc||||| f|0| 0 fre|d |
| 020 | |a0-662-83762-2 |
| 040 | |aCaOODSP|bfre |
| 043 | |an-cn--- |
| 086 | 1 |aD82-46/1999F |
| 110 | 1 |aCanada.|bProtection civile Canada. |
| 245 | 10|aSolutions de rechange aux sacs de sable pour une protection temporaire contre les inondations / |cpar Kevin Biggar et Srboljub Masala. |
| 260 | |bProtection civile Canada |c1998. |
| 300 | |ai, 76p. : |bfigures, ill., références, tableaux ; |c28 cm. |
| 500 | |aDonnées de catalogage avant publication (Canada) imprimées dans cette publication. «La présente étude traite de récentes méthodes novatrices pouvant remplacer l'utilisation des sacs de sable comme mesure de protection temporaire contre les inondations. Il s'agit essentiellement d'un examen de la documentation publié à ce sujet et des brochures commerciales disponibles. Les nouvelles techniques et méthodes proposées ont fait l'objet d'une évaluation critique fondée sur les pratiques professionnelles courantes et l'expérience accumulée en matière de lutte contre les inondations.»--Résumé. |
| 520 | 3 |aLa présente étude traite de récentes méthodes novatrices pouvant remplacer l'utilisation des sacs de sable comme mesure de protection temporaire contre les inondations. Il s'agit essentiellement d'un examen de la documentation publié à ce sujet et des brochures commerciales disponibles. Les nouvelles techniques et méthodes proposées ont fait l'objet d'une évaluation critique fondée sur les pratiques professionnelles courantes et l'expérience accumulée en matière de lutte contre les inondations.--Résumé |
| 563 | |aCouverture souple |
| 590 | |a00-45|b2000-11-10 |
| 691 | 07|aInondation|2gcpds |
| 691 | 07|aÉquipement de sécurité|2gcpds |
| 775 | 08|tAlternatives to sandbags for temporary flood protection / |w(CaOODSP)9.647351 |
| 776 | 0#|tSolutions de rechange aux sacs de sable pour une protection temporaire contre les inondations / |w(CaOODSP)9.640428 |